| 000 | 00526nam a2200157 a 4500 | ||
|---|---|---|---|
| 001 | 000045218 | ||
| 005 | 20201002045957.0 | ||
| 008 | 150211s1996 dr a 000 p spa d | ||
| 040 |
_aDO-SdBNP _bspa _cBNPHU |
||
| 082 |
_axxxx _bxxxx |
||
| 100 | 1 |
_aCoronado, Carmen Dinorah _91222 |
|
| 245 | 1 | 0 |
_aAlma de niños : _bpoesía y teatro / _cCarmen D. Coronado ; con la colaboración de Ursula Beckermann. |
| 260 |
_aSanto Domingo : _bDavid, _c1996. |
||
| 300 |
_a171 p. : _bil. ; _c22 cm. |
||
| 700 | 1 |
_aBeckermann, Ursula, _ecolab. _973239 |
|
| 999 |
_c44707 _d44707 |
||